000 00392nam a2200181Ia 4500
005 20240823061920.0
008 240823s9999||||xx |||||||||||||| ||und||
041 _aENGLISH
082 _A658.4 Q4
100 _a"Sutherland,Jeff"
245 0 _aSCRUM
250 _a1st
260 _c2014
_bPenguin Random
500 _aYES
650 _aScrum
_bEnglish
942 _cBK
999 _c234661
_d234661